Une lettre suffit pour répondre juste #86 (attention 10 lettres tuent) - Statistiques

Statistiques générales
  • Ce quiz a été pris 84 fois
  • Le résultat moyen est 3 sur 6
Statistiques - réponses
Hint Réponse % Correct
Donne une des 5 lettres qui compose le nom du pays en vert foncé ci-dessous :
SYRIE
100%
Donne une des 4 lettres qui compose :
- le nom de famille du personnage joué par Tom Cruise dans la franchise Mission Impossible prénommé Ethan - le nom de famille du personnage joué par Kevin McKidd dans la série TV Grey's Anatomy prénommé Owen - le titre de ce film de 2020 en extrait avec Emma Roberts et Hilary Swank : The _ _ _ _
HUNT
57%
Donne une des 3 lettres du nom de famille de l'actrice américaine qui a joué dans : -la série Friends -la série Cougar Town -la franchise Scream COX (Courteney Cox)
35%
Donne une des 2 lettres qui est entendu quand est dit à haute voix : - un elément qui signifie « dix » - un café décaféiné DK (déca)
33%
Donne la lettre qui complète le nom d'une amine sympathicomimétique, molécule de la classe des amphétamines, parfois appelé ecstasy : _ D _ A M
21%
Donne la 1ere lettre du prénom et nom d'artiste de cette chanteuse dans l'extrait :
G (Gloria Gaynor)
17%
Aucun quiz correspondant
Distribution des résultats
% des personnes avec chaque résultat
Percentile par nombre de réponses
Votre historique - résultats
Vous n’avez pas pris ce quiz